000
00264nam a22000977a 4500
008
241128b |||||||| |||| 00| 0 eng d
020
_a
9789353040734
100
_a
Mookherji
_9
7814
245
_a
100 Greatest Sportspersons
260
_a
New Delhi
_b
Rupa Publications
_c
2019
999
_c
12708
_d
12708